Kraje, które Zdobyły Przynajmniej Jeden Złoty Medal na Letnich Igrzyskach Olimpijskich w Rio - Statystyki

Ogólne statystyki
  • Ten quiz został rozwiązany 1 361 razy
  • Średni wynik to 38 z 57
Statystyki odpowiedzi
Nazwa Kraju % Poprawnych
Polska
99%
Stany Zjednoczone
96%
Rosja
94%
Brazylia
93%
Chiny
93%
Francja
92%
Hiszpania
92%
Niemcy
92%
Japonia
91%
Argentyna
90%
Kanada
89%
Szwecja
89%
Wielka Brytania
89%
Australia
87%
Włochy
86%
Czechy
85%
Belgia
82%
Ukraina
82%
Holandia
81%
Słowacja
81%
Korea Południowa
79%
Chorwacja
77%
Grecja
76%
Słowenia
75%
Dania
74%
Republika Południowej Afryki
73%
Szwajcaria
72%
Turcja
72%
Białoruś
71%
Serbia
70%
Jamajka
69%
Nowa Zelandia
69%
Węgry
68%
Rumunia
67%
Iran
65%
Kolumbia
65%
Kenia
64%
Kazachstan
61%
Armenia
57%
Etiopia
57%
Korea Północna
56%
Indonezja
55%
Kuba
54%
Azerbejdżan
53%
Gruzja
51%
Wietnam
46%
Tajlandia
43%
Uzbekistan
38%
Kosowo
30%
Tadżykistan
30%
Bahamy
26%
Wybrzeże Kości Słoniowej
25%
Fidżi
24%
Singapur
24%
Tajwan
24%
Jordania
21%
Bahrajn
20%
Nie znaleziono quizów pasujących do podanych kryteriów
Rozkład punktacji
Procent ludzi z każdym wynikiem
Percentyl według liczby udzielonych odpowiedzi
Twoja historia wyników
Nie rozwiązałeś tego quizu